000 00380 a2200097 4500
245 0 0 _aElektroniczna Wymiana Danych dla Administracji, Handlu i Transportu - (EDIFACT) Zasady składni dla warstwy zastosowań PN-92/T-20091 /
_cMWG z Zagranicą.
246 1 3 _aPN-92/T-20091
246 1 3 _a651.5:339:621.39
260 _aWarszawa :
_bMWG z Zagranicą,
_c1992.
300 _a16 stron ;
_c30 cm.
650 _aPolska norma
999 _c21489
_d21489